Introduction to comparative philosophy.

Bibliographic Details
Main Author: Raju, P. T. (Poolla Tirupati), 1904-
Format: Book
Language:English
Published: Carbondale : Southern Illinois Univ. Press, [1970]
Series:Arcturus books ; 73.
Subjects:

MARC

Tag First Indicator Second Indicator Subfields
LEADER 00000cam a2200000 4500
001 in00000336455
005 20151011051807.0
008 720427c19701962ilu 00000 eng d
035 |a (OCoLC)00295646 
035 |9 ABL0771AM 
040 |c DAY  |d TXA  |d UtOrBLW 
049 |a TXAM  |c [1161507] 
090 |a B799  |b .R3 1970  
100 1 |a Raju, P. T.  |q (Poolla Tirupati),  |d 1904- 
245 1 0 |a Introduction to comparative philosophy. 
264 1 |a Carbondale :  |b Southern Illinois Univ. Press,  |c [1970] 
264 4 |c [©1962] 
300 |a xii, 364 pages 
336 |a text  |b txt  |2 rdacontent 
337 |a unmediated  |b n  |2 rdamedia 
338 |a volume  |b nc  |2 rdacarrier 
490 1 |a Arcturus books ;  |v 73 
650 0 |a Philosophy, Comparative. 
830 0 |a Arcturus books ;  |v 73. 
999 |a MARS 
999 f f |s 95e7b7aa-c230-328f-a94c-684a082dd426  |i cff53f02-811a-3938-b7e6-94f508ffbd86  |t 0 
952 f f |p ric  |a Texas A&M University  |b Rellis Campus  |c Joint Library Facility  |d Remote Storage  |t 0  |e B799 .R3 1970  |h Library of Congress classification  |i unmediated -- volume  |m A14801599782 
998 f f |a B799 .R3 1970  |t 0  |l Remote Storage